MARC

LEADER 00000nam0a2200000 4500
001 338706
005 20231102005055.0
035 |a (RuTPU)RU\TPU\book\365210 
090 |a 338706 
100 |a 20171130d1976 km y0rusy50 ca 
101 0 |a rus 
102 |a RU 
105 |a a z 001zy 
200 1 |a Теория адаптивных систем  |f В. Г. Срагович 
210 |a Москва  |c Наука  |d 1976 
215 |a 319 с.  |c ил. 
320 |a Библиогр.: с. 312-317 
320 |a Предметный указатель: с. 318-319 
606 1 |a Адаптивные системы  |2 stltpush  |3 (RuTPU)RU\TPU\subj\1514  |9 30286 
610 1 |a случайные процессы 
610 1 |a адаптивные системы управления 
610 1 |a автоматы 
610 1 |a однородные процессы 
610 1 |a автоматные методы 
610 1 |a рекуррентные процедуры 
610 1 |a неопределенность 
610 1 |a обобщенные процессы 
610 1 |a независимые значения 
610 1 |a марковские процессы 
610 1 |a непрерывное время 
675 |a 681.513.6  |v 4 
700 1 |a Срагович  |b В. Г.  |g Владимир Григорьевич 
801 1 |a RU  |b 63413507  |c 20171130 
801 2 |a RU  |b 63413507  |c 20181023  |g RCR 
942 |c BK